00523nam a22001817a 450000500170000001000150001702000270003203500140005903700090007308200170008210000240009924500450012325000090016826000360017727000840021330000200029770000240031720260413165752.0 aENG-148272 a 9789390435203c195.00 aEN-131804 bDBAD a363.3422022 aMalik,Sudha Sambyal aDisaster ManagmentcMalik, Sudha Sambyal a2022 aNew DelhibMalik, Sudha Sambyal a4736/23, Ansari Road,Darya GanjbIndiae110002k011-43549197minfo@astalint.com a97.pgc23cm(pb) aSudha Sambyal Malik